Telephony : (Record no. 183659)
[ view plain ]
| 000 -LEADER | |
|---|---|
| fixed length control field | 01751 a2200205 4500 |
| 003 - CONTROL NUMBER IDENTIFIER | |
| control field | Nust |
| 005 - DATE AND TIME OF LATEST TRANSACTION | |
| control field | 20221227121304.0 |
| 010 ## - LIBRARY OF CONGRESS CONTROL NUMBER | |
| LC control number | 33011118 |
| 040 ## - CATALOGING SOURCE | |
| Transcribing agency | Nust |
| 082 ## - DEWEY DECIMAL CLASSIFICATION NUMBER | |
| Classification number | 621.385,HER |
| 100 ## - MAIN ENTRY--PERSONAL NAME | |
| Personal name | Herbert, Thomas Ernest, |
| 9 (RLIN) | 106025 |
| 245 ## - TITLE STATEMENT | |
| Title | Telephony : |
| Remainder of title | a detailed exposition of the telephone system of the British post office / |
| Statement of responsibility, etc. | T. E. Herbert...and W. S. Procter |
| 250 ## - EDITION STATEMENT | |
| Edition statement | 2nd ed |
| 260 ## - PUBLICATION, DISTRIBUTION, ETC. | |
| Place of publication, distribution, etc. | Sir I. Pitman & sons, ltd |
| Name of publisher, distributor, etc. | London |
| Date of publication, distribution, etc. | 1932 |
| 300 ## - PHYSICAL DESCRIPTION | |
| Extent | xxi,1212 ,[21] p |
| Other physical details | illus |
| Dimensions | fold. pl |
| Accompanying material | diagrs |
| Type of unit | 22 cm |
| 505 ## - FORMATTED CONTENTS NOTE | |
| Formatted contents note | Primary Cells (Page-1),The Magnetization of Iron (Page-29), The Induction of E.M.P and the Generation of Alternating (Page-56), Capacitance and Condensers (Page-86), Electronic Measuring Apparatus and its use (Page-100), The Nature and Propagation of Sound (Page-188), The Fundamentals Principle of Speech Transmission (Page-207), Transmitters and Receivers (Page-221), The Principle of Telephone Exchange Switching (Page-254), Subscribers Stations Apparatus (Page-270), Telephone Exchange Apparatus (Page-341), The Magneto Systems (Page-407), General Battery Signaling (C.B.S) Systems (Page-488), General Battery Signaling (C.B)Systems (Page-546), Toll Working (Page-630), Trunk Exchanges (Page-647), Power Plant (Page-693), Protection and Cabling (Page-743), Transmission and Circuit Utilization (Page-793), Telephone Repeaters (Page-864), Maintenance and Fault Testing (Page-900), Miscellaneous Circuits (Page-981), The Economies of Plant Provision (Page-1006), The Constructions of Underground Routes (Page-1027), Aerial Lines (Page-1100). |
| 600 ## - SUBJECT ADDED ENTRY--PERSONAL NAME | |
| Personal name | Herbert, Thomas Ernest, |
| 9 (RLIN) | 106025 |
| 650 ## - SUBJECT ADDED ENTRY--TOPICAL TERM | |
| Topical term or geographic name entry element | Telephony; a detailed exposition of the telephone system of the British post office, |
| 9 (RLIN) | 106026 |
| 942 ## - ADDED ENTRY ELEMENTS (KOHA) | |
| Source of classification or shelving scheme | |
| Koha item type | Book |
| Withdrawn status | Lost status | Source of classification or shelving scheme | Damaged status | Not for loan | Permanent Location | Current Location | Shelving location | Date acquired | Full call number | Barcode | Date last seen | Price effective from | Koha item type | Public note |
|---|---|---|---|---|---|---|---|---|---|---|---|---|---|---|
| Military College of Signals (MCS) | Military College of Signals (MCS) | General Stacks | 12/12/2016 | 621.385,HER | MCS6857 | 12/08/2016 | 12/12/2016 | Book | Almirah No.40, Shelf No.2 |
